[Event "URS-chT Republics 16th final C"]
[Site "Moscow"]
[Date "1983.07.26"]
[Round "4"]
[White "Slutzky, Leonid"]
[Black "Kakageldyev, Amanmurad"]
[Result "1-0"]
[WhiteElo "2270"]
[BlackElo "2484"]
[PlyCount "77"]
[EventDate "1983.07.23"]
[EventType "team-tourn"]
[EventRounds "5"]
[EventCountry "URS"]
[SourceTitle "EXT 2020"]
[Source "ChessBase"]
[SourceDate "2019.10.17"]
[SourceVersion "1"]
[SourceVersionDate "2019.10.17"]
[SourceQuality "1"]
[WhiteTeam "Tajikistan"]
[BlackTeam "Turkmenistan"]
[WhiteTeamCountry "TJK"]
[BlackTeamCountry "TKM"]

1. c4 g6 2. d4 d6 3. Nf3 f5 4. g3 Nf6 5. b3 Bg7 6. Bb2 0-0 7. Bg2 Nc6 8. d5 Na5 9. Nbd2 c5 10. 0-0 Bd7 11. Ne1 Rb8 12. Nd3 b5 13. Rb1 Qb6 14. Qc2 Qa6 15. Ba1 Rb6 16. Rfe1 Rfb8 17. cxb5 Rxb5 18. Nf4 Qc6 19. Bc3 Nb7 20. e4 fxe4 21. Nxe4 c4 22. Nxf6+ exf6 23. b4 a5 24. a4 Rb6 25. b5 Nc5 26. Bxa5 R6b7 27. Ne6 Ra8 28. Nxc5 Qxc5 29. Bb4 Qc7 30. Re7 Bf8 31. Re3 Rba7 32. Ra3 Bxb5 33. axb5 Rxa3 34. Bxa3 Rxa3 35. b6 Qb7 36. Qxc4 Ra8 37. Qc6 Rb8 38. Qxb7 Rxb7 39. Bf1 1-0

[Event "URS-chT Republics 16th Group2"]
[Site "Moscow"]
[Date "1983.07.21"]
[Round "5"]
[White "Agzamov, Georgy"]
[Black "Slutzky, Leonid"]
[Result "1/2-1/2"]
[WhiteElo "2535"]
[BlackElo "2270"]
[PlyCount "81"]
[EventDate "1983.07.15"]
[EventType "team-tourn"]
[EventRounds "5"]
[EventCountry "URS"]
[SourceTitle "EXT 2020"]
[Source "ChessBase"]
[SourceDate "2019.10.17"]
[SourceVersion "1"]
[SourceVersionDate "2019.10.17"]
[SourceQuality "1"]
[WhiteTeam "Uzbekistan"]
[BlackTeam "Tajikistan"]
[WhiteTeamCountry "UZB"]
[BlackTeamCountry "TJK"]

1. d4 Nf6 2. Nf3 g6 3. Bg5 Bg7 4. Nbd2 d5 5. e3 0-0 6. Bd3 c5 7. c3 Nbd7 8. 0-0 Qb6 9. Rb1 e5 10. Be2 Ne4 11. Bh4 cxd4 12. exd4 Nxd2 13. Qxd2 e4 14. Ne1 h6 15. f4 f5 16. Nc2 Nf6 17. Ne3 Be6 18. h3 Qd6 19. Rf2 Qd7 20. Kh1 Rf7 21. Rg1 h5 22. Rc1 Rc8 23. Rff1 Bh6 24. c4 Kh7 25. c5 Qc7 26. g3 Rg8 27. Ng2 Nd7 28. b4 Rfg7 29. Rc3 Rf7 30. Bg5 Bg7 31. Rfc1 Rc8 32. Ne3 Nf8 33. Bd1 Kh8 34. Bb3 Qd7 35. a4 Nh7 36. Ng2 b6 37. cxb6 Rxc3 38. Rxc3 axb6 39. b5 Rf8 40. Rc6 Bf7 41. Kh2 1/2-1/2

[Event "URS-chT Republics 16th Group2"]
[Site "Moscow"]
[Date "1983.07.15"]
[Round "1"]
[White "Jussupow, Artur"]
[Black "Slutzky, Leonid"]
[Result "1-0"]
[WhiteElo "2555"]
[BlackElo "2270"]
[PlyCount "77"]
[EventDate "1983.07.15"]
[EventType "team-tourn"]
[EventRounds "5"]
[EventCountry "URS"]
[SourceTitle "EXT 2020"]
[Source "ChessBase"]
[SourceDate "2019.10.17"]
[SourceVersion "1"]
[SourceVersionDate "2019.10.17"]
[SourceQuality "1"]
[WhiteTeam "Moscow"]
[BlackTeam "Tajikistan"]
[WhiteTeamCountry "RUS"]
[BlackTeamCountry "TJK"]

1. d4 Nf6 2. Nf3 d6 3. c4 g6 4. Nc3 Bg7 5. e4 0-0 6. Be2 e5 7. d5 a5 8. Bg5 h6 9. Bh4 Na6 10. Nd2 Bd7 11. 0-0 Qe8 12. b3 Nh7 13. a3 h5 14. h3 Bh6 15. Rb1 Nc5 16. b4 axb4 17. axb4 Na4 18. Qc2 f5 19. Nb5 g5 20. Nxc7 Qg6 21. Nxa8 Rxa8 22. Bg3 f4 23. Kh1 fxg3 24. fxg3 g4 25. h4 Be3 26. Nb3 Rc8 27. Bd3 b5 28. Na5 Nb6 29. Qe2 Bd4 30. cxb5 Na4 31. Rbc1 Nc3 32. Qe1 Nf6 33. Nc6 Bxc6 34. dxc6 Na4 35. Rf5 Kh7 36. Qd2 Rc7 37. Rcf1 Ne8 38. Bc4 Ng7 39. Rf6 1-0

[Event "URS-chT Republics 14th Group2"]
[Site "Moscow"]
[Date "1979.07.??"]
[Round "4"]
[White "Bronstein, David Ionovich"]
[Black "Slutzky, Leonid"]
[Result "1/2-1/2"]
[WhiteElo "2555"]
[BlackElo "2265"]
[PlyCount "61"]
[EventDate "1979.07.10"]
[EventType "team-tourn"]
[EventRounds "5"]
[EventCountry "URS"]
[SourceTitle "EXT 2020"]
[Source "ChessBase"]
[SourceDate "2019.10.17"]
[SourceVersion "1"]
[SourceVersionDate "2019.10.17"]
[SourceQuality "1"]
[WhiteTeam "Moscow"]
[BlackTeam "Tajikistan"]
[WhiteTeamCountry "RUS"]
[BlackTeamCountry "TJK"]

1. e4 c5 2. Nf3 d6 3. d4 cxd4 4. Nxd4 Nf6 5. Nc3 a6 6. Bc4 e6 7. Bb3 b5 8. 0-0 Be7 9. Qf3 Qc7 10. Re1 0-0 11. a4 b4 12. Na2 Bb7 13. Bd2 Qb6 14. c3 Nbd7 15. Nxb4 Ne5 16. Qh3 a5 17. Nbc2 Nxe4 18. Be3 Qd8 19. Na3 d5 20. Nab5 Nc4 21. Bc1 Ncd6 22. Bf4 Nxb5 23. Nxb5 Bc5 24. Be3 Qb6 25. Bc2 Bxe3 26. Qxe3 Qxe3 27. Rxe3 Rfd8 28. Bd3 Nc5 29. Bc2 Ne4 30. Bd3 Nc5 31. Bc2 1/2-1/2